Statistics for Frozen quiz

Click here to take the quiz!

General Stats

  • This quiz has been taken 21 times
  • The average score is 10 of 12

Answer Stats

HintAnswer% Correct
Sister born without powersAnna
100%
Sister born with powersElsa
100%
Magic snowmanOlaf
95%
Studio its fromWalt Disney
95%
Man who is best friends with reindeerKristoff
90%
Year it was made2013
85%
ReindeerSven
85%
Bad guyHans
80%
Theme songLet it go
75%
Where they liveArendelle
65%
Who voiced the sister with powersIdina Menzel
60%
Who voiced the other sisterKristen Bell
40%

Score Distribution

Percentile by Number Answered

Percent of People with Each Score

Your Score History

You have not taken this quiz